Normal view
MARC view
- Lubkin, Yale Jay
Entry Personal Name
001 - CONTROL NUMBER
- control field: 103720
003 - CONTROL NUMBER IDENTIFIER
- control field: NUST
005 - DATE AND TIME OF LATEST TRANSACTION
- control field: 20221128160330.0
008 - FIXED-LENGTH DATA ELEMENTS
- fixed length control field: 221128|| aca||aabn | a|a d
040 ## - CATALOGING SOURCE
- Original cataloging agency: NUST
- Transcribing agency: NUST
100 ## - HEADING--PERSONAL NAME
- Personal name: Lubkin, Yale Jay
670 ## - SOURCE DATA FOUND
- Source citation: Work cat.: (NUST)182181: Lubkin, Yale Jay , Filter systems and design:, 1970
